all captive orca names - Statistics

General Stats
  • This quiz has been taken 30 times
  • The average score is 21 of 57
Answer Stats
Answer % Correct
Katina
67%
Makaio
61%
trua
61%
Chad
50%
Cookie
50%
Earth
50%
Lynn
50%
Ran
50%
Stella
50%
Tyson
50%
Bandhu
44%
Cody
44%
Corky
44%
katenka
44%
Katniss
44%
Lara
44%
Lovey
44%
Zimo
44%
Bowen
39%
Dora
39%
Dylan
39%
Ikaika
39%
Kaixin
39%
Kshamenk
39%
Luna
39%
Makani
39%
Nakhod
39%
Nalani
39%
Orkid
39%
Sean
39%
Sonya
39%
Tuar
39%
Yilong
39%
Adan
33%
Jade
33%
Kalia
33%
Kamea
33%
Kyuquot
33%
Malia
33%
Morgan
33%
Nukka
33%
Sakari
33%
Takara
33%
Ulises
33%
Jingxi
28%
Keet
28%
Keijo
28%
Shouka
28%
Tekoa
28%
Loki
22%
Naja
22%
Wikie
22%
No name 1
17%
No name 2
17%
Wulong
11%
Kyra
6%
Samara
6%
No matching quizzes found
Score Distribution
Percent of People with Each Score
Percentile by Number Answered
Your Score History
You have not taken this quiz